000 00419nam a2200145Ia 4500
008 100415s9999 xx 000 0 und d
082 _b10793
100 _aNational Geographycial And Solar Ierrestrian Data Centre
245 _aNational Geographic Vol. 139
260 _aWASHINGTON
_c1970
_bN.G.S
365 _b0
630 _aNational Geographic Vol. 139
730 _aNational Geographic Vol. 139
942 _cBOOK
999 _c593719
_d593716